000
00206nam a2200097Ia 4500
008
240331s9999 xx 000 0 und d
082
_b
SMI
100
_a
Smith, P. E
245
0
_a
Ethan F. :
_b
notes
942
_c
L
999
_c
3180
_d
3180